Nový systém vzdelávania špeciálnych a liečebných pedagógov

Bibliographic Details
Main Author: Predmerský, Vladimír, 1902-1991 (Author)
Format: Electronic Article
Language:Slovak
PhysicalDescription:Tabuľky
ISBN:9788022328623
Subjects:
Online Access:http://alis.uniba.sk/storage/uk/fif/acta/ID_354_56369.pdf

MARC

LEADER 00000nab a2200000 4500
001 vtls012011626
003 SK-MaSNL
005 20260304002056.0
008 210120|1971 xo |||| ||an ||00 0|slo
015 |a SNBRB2020/01 
040 |a SPKCL  |b slo  |e rda 
041 |a slo 
044 |a xo  |c SK 
072 7 |a 376  |x Výchova a vzdelávanie zvláštnych skupín osôb  |2 konspekt 
080 |a 376  |2 2011 
100 1 |a Predmerský, Vladimír,  |d 1902-1991  |4 aut  |9 206229 
245 1 0 |a Nový systém vzdelávania špeciálnych a liečebných pedagógov  |c Vladimír Predmerský 
300 |b Tabuľky 
336 |a text  |b txt  |2 rdacontent 
337 |a počítač  |b nc  |2 rdamedia 
338 |a online zdroj  |b cr  |2 rdacarrier 
504 |a Obsahuje bibliografiu 
650 0 7 |a špeciálni pedagógovia  |2 SNKPH  |9 83510 
650 0 7 |a liečebná pedagogika  |2 SNKPH  |9 69067 
650 0 7 |a vzdelávanie učiteľov  |2 SNKPH  |9 4031 
650 0 7 |a vysokoškolské štúdium  |2 SNKPH  |9 4044 
773 0 |t Paedagogica specialis III : Acta facultatis paedagogicae (online)  |d Bratislava : Univerzita Komenského Bratislava, 1971  |g S. 209-216  |z 9788022328623  
856 4 1 |u http://alis.uniba.sk/storage/uk/fif/acta/ID_354_56369.pdf  
958 |a NB 
999 |c 2540113  |d 2542043